| 000 | 00873cam a22002897a 4500 | ||
|---|---|---|---|
| 003 | CHAP | ||
| 005 | 20220329133959.0 | ||
| 008 | 971013s1980 r 00010 d | ||
| 010 | _a13549 | ||
| 011 | _a14521 | ||
| 035 | _a18595 | ||
| 040 | _cCHAP | ||
| 090 | _aFolleto 9297 | ||
| 100 | 0 | 0 |
_aCastilla Chacón, Federico. _920053 |
| 245 | 0 | _aAmaranto | |
| 260 |
_aMéxico, D.F. : _bINIA. Centro de Investigaciones Agrícolas de la Mesa Central, _c1980 |
||
| 300 |
_a33 p. _b: apénd. ; ilus. |
||
| 590 |
_aBATCH-UPD _b10 _c20130110 _lUCH01 _h2108 |
||
| 590 |
_aBATCH-UPD _b10 _c20130410 _lUCH01 _h1420 |
||
| 590 |
_aBATCH-UPD _b10 _c20130914 _lUCH01 _h0303 |
||
| 590 |
_aCONVERSION _b10 _c20130109 _lUCH01 _h1309 |
||
| 650 | 1 | 4 |
_aAmaranthus. _95103 |
| 650 | 1 | 4 |
_aAmaranto. _95109 |
| 901 | _aBK | ||
| 942 | _cFOLL | ||
| 949 |
_aFolleto 9297 _bBC _cFOLL _d-43356 _eTS1 _i18595 _mD _si |
||
| 999 |
_c13549 _d13549 |
||